000 00392nam a2200145Ia 4500
008 230917s9999||||xx |||||||||||||| ||und||
040 _e70498
_aMAIN
041 _aEnglish
082 _a338.13 B469A
100 _aBhuleshkar, Ashok V
245 0 _aApproaches to financing agriculture and rural sector
260 _aNew Delhi
_bAnmol Publications
_c1992
300 _aix, 171 p.
942 _cBK
999 _c70974
_d70974